The mystery of a painting

Titel: The mystery of a painting : Maulbertsch, Bergl or Palko? / Ján Papco
Verfasser:
Veröffentlicht: Bojnice : Slovak National Museum, 2013
Umfang: 124 S. : zahlr. Ill.
Format: Buch
Sprache: Englisch
ISBN: 9788080602994 ; 8080602999
Buchumschlag
X
Lokale Klassifikation: 23 9 F ; 20 9 F ; 23 15 P ; 20 15 P
alg: 33414373
001A    $03004:28-11-13 
001B    $01999:09-06-23 $t21:12:28.000 
001C    $03004:05-03-14 $t16:21:14.000 
001D    $03004:05-03-14 
001U    $0utf8 
001X    $00 
002@    $0Aau 
003@    $033414373X 
004A    $A978-80-8060-299-4 
004A    $080-8060-299-9 
007A    $033414373X $aHEB 
007G    $0DE020C6DE42EDD3FD6BA8C1257C980033B802 
009P    $qapplication/pdf $A2 $3Inhaltsverzeichnis $uhttp://scans.hebis.de/HEBCGI/show.pl?33414373_toc.pdf $mV:DE-603;B:DE-Mb50 
010@    $aeng 
011@    $a2013 
021A    $aThe @mystery of a painting $dMaulbertsch, Bergl or Palko? $hJán Papco 
028A    $71024486117 $8Papco, Ján$Z1950- [Tp3] $9305907697 
033A    $pBojnice $nSlovak National Museum 
034D    $a124 S. 
034M    $azahlr. Ill. 
045F    $a709.4371 $eDDC23BSB 
045F/01 $a709 
045F/03 $g4371 
045F/03 $g436 
045G    $a306.09437109033 $eDDC23BSB 
045G/01 $a306.09 
045G/03 $f09033 
045G/03 $g4371 
045G/03 $g436 

lok: 33414373 24
101B    $005-03-14 $t16:19:22.000 
101C    $005-03-14 
101U    $0utf8 
145Z/01 $a23 9 F 
145Z/02 $a20 9 F 
145Z/03 $a23 15 P 
145Z/04 $a20 15 P 

exp: 33414373 24 1 #EPN
201B/01 $005-03-14 $t16:19:22.000 
201C/01 $028-11-13 
201U/01 $0utf8 
203@/01 $0723731365 
208@/01 $a05-03-14 $bz 
209A/01 $a13.10258 $du $f050 $h13 10258 $x00 
209C/01 $a13.10258 K $h13 10258 K 
209G/01 $a73046572 $x00 
220C/01 $akon 
244Z/01 $#Palko, Anton Franz $#Palko, František Anton $7121089274 $8--Tp1--Palko, Franz Anton$Z1717-1766 $x01 $908802962X 
247C/01 $8358050-7 Marburg, Bibliothek des Herder-Instituts Marburg $9102600961
LEADER 00000cam a2200000 c 4500
001 33414373X
003 DE-603
005 20230609211228.0
007 tu
008 131128s2013 xx |||| | u00||u|eng c
020 |a 9788080602994 
020 |a 8080602999 
035 |a (DE-599)HEB33414373X 
040 |a DE-603  |b ger  |c DE-603  |d DE-603 
041 |a eng 
082 0 4 |8 1\u  |a 709.4371  |q DE-101  |2 23/BSB 
083 0 |8 2\u  |a 306.09437109033  |q DE-101  |2 23/BSB 
085 |8 1\u  |b 709 
085 |8 1\u  |z 2  |s 4371 
085 |8 1\u  |z 2  |s 436 
085 |8 2\u  |b 306.09 
085 |8 2\u  |z 1  |s 09033 
085 |8 2\u  |z 2  |s 4371 
085 |8 2\u  |z 2  |s 436 
100 1 |a Papco, Ján  |d 1950-  |0 (DE-603)305907697  |0 (DE-588)1024486117  |2 gnd 
245 0 0 |a ˜Theœ mystery of a painting  |b Maulbertsch, Bergl or Palko?  |c Ján Papco 
264 1 |a Bojnice  |b Slovak National Museum  |c 2013 
300 |a 124 S.  |b zahlr. Ill. 
856 4 2 |m V:DE-603;B:DE-Mb50  |q application/pdf  |u http://scans.hebis.de/HEBCGI/show.pl?33414373_toc.pdf  |3 Inhaltsverzeichnis 
924 0 |9 Mb 50  |a (DE-603)723731365  |b DE-Mb50  |c HES  |d c  |g 13.10258